Κατάλογος Βιβλιοθηκών Mediterranean College

The Empty Raincoat / Making Sense of the Future (Record no. 501)

MARC details
000 -LEADER
fixed length control field 01268cam a22002054a 4500
005 - ΗΜΕΡΟΜΗΝΙΑ ΚΑΙ ΩΡΑ ΤΕΛΕΥΤΑΙΑΣ ΕΝΗΜΕΡΩΣΗΣ
Πεδίο ελέγχου 20250605163937.0
008 - FIXED-LENGTH DATA ELEMENTS--GENERAL INFORMATION
Πεδίο ελέγχου σταθερού μήκους 250528s ||||||||||||||||||||||||d
035 ## - SYSTEM CONTROL NUMBER
System control number 14890
020 ## - ISBN
ISBN 91780225
040 ## - ΠΗΓΗ ΚΑΤΑΛΟΓΟΓΡΑΦΗΣΗΣ
Φορέας πρωτότυπης καταλογογράφησης MC Athens Campus Library
Γλώσσα καταλογογράφησης Ελληνικά, Μοντέρνα (1453-)
Modifying agency MC Athens Campus Library
Κανόνες περιγραφικής καταλογογράφησης AACR2
245 1# - ΤΙΤΛΟΣ ΚΑΙ ΔΗΛΩΣΗ ΥΠΕΥΘΥΝΟΤΗΤΑΣ
Τίτλος The Empty Raincoat / Making Sense of the Future
250 ## - EDITION STATEMENT
Edition statement 1st
260 ## - PUBLICATION, DISTRIBUTION, ETC.
Name of publisher, distributor, etc. Hutchinson,
Date of publication, distribution, etc. 1994
300 ## - PHYSICAL DESCRIPTION
Extent 282
520 ## - SUMMARY, ETC.
Summary, etc. The challenge of the future is to find a pathway through the paradoxes. Acknowledgements, The Story Behind the Book, In the Dark Wood: Confused by Paradox, We are not Where We Hoped to Be, The Paradoxes of Our Times, Finding the Balance: Pathways Through Paradox, The Sigmoid Curve, The Doughnut Principle, The Chinese Contract, Practicing the Preaching: Managing Paradox, The Federalist Idea, Twin Citizenship, Subsidiarity, The Meaning of Business, The Corporate Contract, The Membership Business, Redesigning Life, Working Time, Spliced Lives, A State of Justice, The Intelligence Investment, The New Scorecard, The Search for Meaning, Making Sense of Paradox, The Three Senses, A Sense of Continuity, A Sense of Connection, A Sense of Direction, A Postscript, Bibliography, Index.
700 1# - ΠΡΟΣΘΕΤΗ ΑΝΑΓΡΑΦΗ--ΦΥΣΙΚΟ ΠΡΟΣΩΠΟ
Personal name Handy Charles
9 (RLIN) 681
942 ## - ADDED ENTRY ELEMENTS (KOHA)
Koha item type Books
Holdings
Τύπος τεκμηρίου Βιβλιοθήκη Τρέχουσα τοποθεσία Barcode Αριθμός εισαγωγής Ημερομηνία απόκτησης Ταξιθετικό σύμβολο Αριθμός αντιτύπου Κατάσταση απόσυρσης Κατάσταση χαμένου Κατάσταση κατεστραμμένου Μη δανεισμός Σύνολο δανεισμών Ημερομηνία τελευταίας εμφάνισης Η τιμή ισχύει από
Books MC Athens Campus Library MC Athens Campus Library 9780000005007 593 05/06/2025 303.49 HAN 2           05/06/2025 05/06/2025

MC Athens Campus Library
Πατησίων 94 & Κοδριγκτώνος 13, 104 34
Πελλήνης 8 & Πατησίων 107, 112 51
Τ: +30 210 8899600

MC Thessaloniki Campus Library
Ίωνος Δραγούμη 21, 54625 | Ίωνος Δραγούμη 15, 54625
Τ: +30 2310 287779 – Τ: +30 2314 440300